Manual de viticultura / (Record no. 52288)

MARC details
000 -LEADER
campo de control de longitud fija 00645nam a2200205 i 4500
001 - NÚMERO DE CONTROL
campo de control 52288
003 - IDENTIFICADOR DE NÚMERO DE CONTROL
campo de control ES-MaACL
005 - FECHA Y HORA DE LA ÚLTIMA TRANSACCIÓN
campo de control 20260215142853.0
007 - CAMPO FIJO DE DESCRIPCIÓN FÍSICA--INFORMACIÓN GENERAL
campo de control de longitud fija t|
008 - DATOS DE LONGITUD FIJA--INFORMACIÓN GENERAL
campo de control de longitud fija 030827s1974 sp ||||1| spa d
100 1# - ENTRADA PRINCIPAL--NOMBRE DE PERSONA
Nombre de persona Chauvet, M.
9 (RLIN) 38228
245 10 - MENCIÓN DEL TÍTULO
Título Manual de viticultura /
Mención de responsabilidad, etc. M. Chauvet ; traducción y adaptación F. Gil-Albert Velarde, J. Iglesias González.
260 ## - PUBLICACIÓN, DISTRIBUCIÓN, ETC.
Lugar de publicación, distribución, etc. Madrid :
Nombre del editor, distribuidor, etc. Mundi-Prensa,
Fecha de publicación, distribución, etc. 1974.
300 ## - DESCRIPCIÓN FÍSICA
Extensión 230 p. :
Otras características físicas il. ;
Dimensiones 22 cm.
650 #4 - PUNTO DE ACCESO ADICIONAL DE MATERIA--TÉRMINO DE MATERIA
Término de materia o nombre geográfico como elemento de entrada Viticultura.
9 (RLIN) 136993
700 0# - ENTRADA AGREGADA--NOMBRE PERSONAL
Nombre de persona Gil-Albert, Fernando
9 (RLIN) 56759
700 1# - ENTRADA AGREGADA--NOMBRE PERSONAL
Nombre de persona Iglesias González, J.
9 (RLIN) 65118
852 ## - LOCALIZACIÓN
Ubicación ES-MaACL
Número de control de estantería E-7720
Sublocalización o colección R.91835
Holdings
Estatus retirado Estado de pérdida Estado de daño No para préstamo Biblioteca de origen Biblioteca actual Ubicación en estantería Fecha de adquisición Fuente de adquisición Total de préstamos Signatura topográfica completa Código de barras Visto por última vez Precio de reemplazo Tipo de ítem Koha
        Biblioteca del Ateneo de Madrid Biblioteca del Ateneo de Madrid Depósito 2 17/01/2008     E-7720 1054968 23/02/2023 23/02/2023 Libro impreso